Word Scramble - Brazil - Statistics

General Stats
  • This quiz has been taken 68 times
  • The average score is 10 of 16
Answer Stats
Hint Answer % Correct
lépe Pelé
92%
ori ed eniroaj Rio de Janeiro
88%
soa luapo Sao Paulo
88%
iju-usjti Jiu-jitsu
87%
iffa roldw upc FIFA World Cup
81%
maabs Samba
81%
ihctsr het rreeeedm Christ, the Redeemer
67%
viracnal Carnival
65%
bacnaaopac Copacabana
60%
foecfe Coffee
58%
znomaa ronftsirae Amazon Rainforest
54%
carpoeia Capoeira
48%
zaguui sallf Iguazu Falls
44%
vlaseaf Favelas
31%
oplua ocohle Paulo Coelho
25%
rnaemy Neymar
19%
No matching quizzes found
Score Distribution
Percent of People with Each Score
Percentile by Number Answered
Your Score History
You have not taken this quiz